Top 5 European Leagues Top Clean Sheets: 2019/20 - Statistics

General Stats
  • This quiz has been taken 11 times
  • The average score is 15 of 27
Answer Stats
League Clean Sheets Club Nationality Player % Correct
Premier League 15 Liverpool Brazil Alisson
91%
Premier League 17 Manchester City Brazil Ederson
91%
La Liga 17 Atletico Madrid Slovenia Jan Oblak
91%
La Liga 14 Barcelona Germany Marc-Andre ter Stegen
91%
La Liga 18 Real Madrid Belgium Thibaut Courtois
91%
Premier League 13 Manchester United Spain David de Gea
82%
Premier League 13 Leicester Denmark Kasper Schmeichel
82%
Bundesliga 15 Bayern Munich Germany Manuel Neuer
82%
Ligue 1 11 PSG Costa Rica Keylor Navas
73%
Serie A 13 Inter Slovenia Samir Handanovic
73%
Serie A 13 Milan Italy Gianluigi Donnarumma
64%
Premier League 15 Burnley England Nick Pope
64%
Bundesliga 10 Leipzig Hungary Peter Gulacsi
64%
Premier League 13 Sheffield United England Dean Henderson
55%
Premier League 13 Wolves Portugal Rui Patricio
55%
Serie A 11 Juventus Poland Wojciech Szczesny
55%
Bundesliga 10 Bayer Leverkusen Finland Lukas Hradecky
45%
Ligue 1 12 Marseille France Steve Mandanda
45%
Ligue 1 12 Lille France Mike Maignan
36%
Bundesliga 13 Borussia Dortmund Switzerland Roman Burki
27%
Serie A 11 Lazio Albania Thomas Strakosha
27%
La Liga 14 Sevilla Czechia Tomas Vaclik
27%
La Liga 15 Getafe Spain David Soria
18%
Serie A 14 Udinese Argentina Juan Musso
18%
Ligue 1 12 Reims Serbia Predrag Rajkovic
18%
Bundesliga 9 Hertha Berlin Norway Rune Jarstein
18%
Ligue 1 11 Angers France Ludovic Butelle
0%
No matching quizzes found
Score Distribution
Percent of People with Each Score
Percentile by Number Answered
Your Score History
You have not taken this quiz